000 00690nam a2200193Ii 4500
003 JO-AjNU
008 230605s9999||||xx |||||||||||||| ||und||
040 _aJO-AjNU
_bara
_erda
_cJO-AjNU
041 _aara
050 1 4 _aBF432.3 2022
100 3 _aاحمد، نادر,
_eauthor
_963901
245 0 0 _aالذكاءات المتعددة
264 3 1 _aعمان: دار المستقبل للنشر والتوزيع، دار البداية، دار ومكتبة الكندي، 2022
300 _a132ص
336 _atext
_btxt
_2rdacontent
337 _aunmediated
_bn
_2rdamedia
338 _avolume
_bnc
_2rdacarrier
650 4 _aالذكاء المتعدد-ذكاء-اختبارات
_963902
999 _aA29009
_c32577
_d32577